| 000 | 01329nam a2200325Ia 4500 | ||
|---|---|---|---|
| 001 | ebr10433152 | ||
| 003 | CaPaEBR | ||
| 006 | m u | ||
| 007 | cr cn||||||||| | ||
| 008 | 091012s2009 nyua sb 001 0beng d | ||
| 010 | _z 2008039885 | ||
| 020 | _z9781934137130 (alk. paper) | ||
| 020 | _z1934137138 (alk. paper) | ||
| 020 | _z9781934137284 (pbk.) | ||
| 040 |
_aCaPaEBR _cCaPaEBR |
||
| 035 | _a(OCoLC)698589609 | ||
| 050 | 1 | 4 |
_aQC16.W518 _bC37 2009eb |
| 100 | 1 |
_aCassidy, David C., _d1945- |
|
| 245 | 1 | 0 |
_aBeyond uncertainty _h[electronic resource] : _bHeisenberg, quantum physics, and the bomb / _cDavid C. Cassidy. |
| 260 |
_aNew York : _bBellevue Literary Press, _c2009. |
||
| 300 |
_a480 p. : _bill. |
||
| 504 | _aIncludes bibliographical references (p. [411]-456) and index. | ||
| 533 |
_aElectronic reproduction. _bPalo Alto, Calif. : _cebrary, _d2011. _nAvailable via World Wide Web. _nAccess may be limited to ebrary affiliated libraries. |
||
| 600 | 1 | 0 |
_aHeisenberg, Werner, _d1901-1976. |
| 650 | 0 |
_aPhysicists _zGermany _vBiography. |
|
| 650 | 0 |
_aAtomic bomb _zGermany _xHistory _y20th century. |
|
| 655 | 7 |
_aElectronic books. _2local |
|
| 710 | 2 | _aebrary, Inc. | |
| 856 | 4 | 0 |
_uhttp://site.ebrary.com/lib/rucke/Doc?id=10433152 _zAn electronic book accessible through the World Wide Web; click to view |
| 999 |
_c234820 _d234820 |
||